| 000 | 00457cam a2200169ua 4500 | ||
|---|---|---|---|
| 020 | _c225.00 | ||
| 041 |
_aeng _h |
||
| 082 |
_a005.369 _bSAW/FU |
||
| 100 | _aSawhney, G.S . | ||
| 245 |
_aFundamentals of computer aided manufacturing / _cG.S Sawhney. _hTextual Documents |
||
| 260 |
_aNew Delhi : _bI.K International Publishing House , _c2007. |
||
| 300 |
_a368 ; _e`. |
||
| 365 | _a225.00 | ||
| 504 | _a | ||
| 942 | _cBK | ||
| 999 |
_c13065 _d13065 |
||